Loading...
| Science - Other Science | 1 | 5 | 1 | 1 | 60 | 44 | 84.33 | 3 | 6 |
| Science - Physics | 0 | 5 | 1 | 1 | 45 | 71 | 109.80 | 3 | 4 |
| History - American History | 0 | 4 | 0 | 2 | 40 | 93 | 116.00 | 2 | 3 |
| History - European History | 1 | 1 | 0 | 1 | 25 | 48 | 93.50 | 1 | 2 |
| Science - Biology | 0 | 2 | 0 | 2 | 20 | 119 | 121.50 | 0 | 2 |
| Fine Arts - Visual Fine Arts | 0 | 2 | 1 | 0 | 15 | 107 | 117.00 | 2 | 2 |
| Fine Arts - Other Fine Arts | 0 | 2 | 1 | 0 | 15 | 80 | 102.00 | 0 | 2 |
| Social Science | 0 | 2 | 1 | 1 | 15 | 102 | 118.00 | 1 | 1 |
| Other Academic | 0 | 1 | 0 | 0 | 10 | 108 | 108.00 | 0 | 1 |
| Science - Chemistry | 0 | 2 | 2 | 1 | 10 | 105 | 109.00 | 1 | 2 |
| History - Other History | 0 | 1 | 0 | 1 | 10 | 115 | 115.00 | 1 | 1 |
| Literature - British Literature | 0 | 1 | 0 | 0 | 10 | 103 | 103.00 | 0 | 1 |
| Literature - European Literature | 0 | 1 | 0 | 0 | 10 | 99 | 99.00 | 1 | 1 |
| Philosophy | 0 | 1 | 1 | 1 | 5 | 134 | 134.00 | 1 | 1 |
| Literature - World Literature | 0 | 0 | 0 | 0 | 0 | 0.00 | 0 | 0 | |
| Fine Arts - Auditory Fine Arts | 0 | 0 | 0 | 0 | 0 | 0.00 | 0 | 0 | |
| Literature - American Literature | 0 | 0 | 0 | 0 | 0 | 0.00 | 0 | 0 | |
| Auditory Fine Arts (1900-1970) | 0 | 0 | 0 | 0 | 0 | 0.00 | 0 | 0 | |
| Mythology | 0 | 0 | 0 | 0 | 0 | 0.00 | 0 | 0 | |
| Popular Culture | 0 | 0 | 0 | 0 | 0 | 0.00 | 0 | 0 | |
| Religion | 0 | 0 | 1 | 0 | -5 | 0.00 | 0 | 0 | |
| Pop Culture | 0 | 0 | 1 | 0 | -5 | 0.00 | 0 | 0 | |
| Current Events | 0 | 0 | 1 | 0 | -5 | 0.00 | 0 | 0 |